| 000 | 01707cam a2200301 i 4500 | ||
|---|---|---|---|
| 003 | SA-RiAUC | ||
| 005 | 20250826060947.0 | ||
| 008 | 250820s1979 su g 000r0 ara c | ||
| 040 |
_aSA-JeALM _bara _cSA-RiAUC _erda |
||
| 082 | 0 | 4 | _a231 |
| 090 |
_a231 _b م ش ا |
||
| 100 | 1 |
_aالمشاط، حسن بن محمد، _d1319-1399 هجري _eمؤلف. |
|
| 245 | 1 | 2 |
_aالتقريرات السنية في شرح المنظومة البيقونية في مصطلح الحديث / _cحسن محمد المشاط. ويليها منظومة أبي اسحاق الألبيري الاندلسي في الحث على طلب العلم والتحلي بالأخلاق الفاضلة. |
| 246 | 3 | 0 | _aشرح المنظومة البيقونية في مصطلح الحديث |
| 250 | _aالطبعة الثانية عشر. | ||
| 264 | 1 |
_aمكة المكرمة : _bشركة مكة، _bحسن محمد المشاط. _c1979 |
|
| 300 |
_a47 صفحة ؛ _c24 سم |
||
| 336 |
_aنص _btxt _2rdacontent _3كتاب |
||
| 337 |
_aبدون وسيط _bn _2rdamedia |
||
| 338 |
_aمجلد _bnc _2rdacarrier |
||
| 650 | 7 |
_aالحديث _xمصطلح _2aucsh |
|
| 700 | 1 | 2 |
_aالألبيري، محمد بن خلف بن موسى، _d457-537 هجري. _tمنظومة الألبيري في الحث علي طلب العلم. |
| 700 | 1 | 2 |
_aالبيقوني، عمر بن محمد بن فتوح، _dتوفي حوالي 1080 هجري. _tالمنظومة البيقونية في مصطلح الحديث. |
| 740 | 2 | _aالمنظومة البيقونية في مصطلح الحديث. | |
| 740 | 0 | 2 | _aمنظومة الألبيري في الحث علي طلب العلم. |
| 942 |
_2ddc _cBOOK _n0 |
||
| 949 |
_aSA-JeALM _d250820 _uosman123 _n1 |
||
| 999 |
_c11139 _d11139 |
||